Die 50 erfolgreichsten Horrorfilme - Statistiken

Allgemein
  • Dieses Quiz wurde 20 mal gespielt
  • Das Durchschnittsergebnis liegt bei 7 aus 50
Antwortstatistiken
Rang Film Einnahmen in $ Jahr % Korrekt
1 Es 720 Millionen 2017
70%
21 Conjuring 2 322 Millionen 2016
50%
7 Es Kapitel 2 473 Millionen 2019
50%
38 Annabelle 258 Millionen 2014
45%
5 Conjuring 4:Das letzte Kapitel 495 Millionen 2025
45%
37 Halloween 260 Millionen 2018
40%
17 The Nun 366 Millionen 2018
40%
31 Scary Movie 278 Millionen 2000
35%
25 Annabelle 2 307 Millionen 2017
25%
22 Conjuring - Die Heimsuchung 321 Millionen 2013
25%
36 Get Out 260 Millionen 2017
25%
48 Annabelle 3 231 Millionen 2019
20%
42 Blair Witch Project 249 Millionen 1999
20%
9 Der Exorzist 431 Millionen 1973
15%
6 Der weiße Hai 491 Millionen 1975
15%
32 Das Schweigen der Lämmer 273 Millionen 1991
10%
10 Die Mumie 418 Millionen 2017
10%
11 Die Mumie 409 Millionen 1999
10%
23 Final Destination 6: Bloodlines 316 Millionen 2025
10%
26 Resident Evil: Afterlife 300 Millionen 2010
10%
47 Resident Evil: Retribution 240 Millionen 2012
10%
41 Ring 249 Millionen 2002
10%
30 Split 279 Millionen 2016
10%
34 Weapons -Die Stunde des Verschwindens 269 Millionen 2025
10%
46 Alien: Covenant 241 Millionen 2017
5%
19 Alien: Romulus 351 Millionen 2024
5%
16 Blood & Sinners 368 Millionen 2025
5%
29 Five Nights at Freddy's 222 Millionen 2023
5%
44 Glass 247 Millionen 2019
5%
18 Hannibal 352 Millionen 2001
5%
4 Meg 529 Millionen 2018
5%
15 Meg 2: Die Tiefe 399 Millionen 2023
5%
24 Resident Evil: The Final Chapter 312 Millionen 2016
5%
2 The Sixth Sense 673 Millionen 1999
5%
27 Van Helsing 300 Millionen 2004
5%
40 Wir 256 Millionen 2019
5%
20 A Quiet Place 341 Millionen 2018
0%
28 A Quiet Place 2 298 Millionen 2020
0%
35 A Quiet Place: Tag Eins 261 Millionen 2024
0%
49 Constantine 231 Millionen 2005
0%
45 Dark Shadows 246 Millionen 2012
0%
13 Die Mumie:Das Grabmal des Drachenkaisers 404 Millionen 2008
0%
8 Die Mumie kehrt zurück 443 Millionen 2001
0%
50 Interview mit einem Vampir 224 Millionen 1994
0%
14 Prometheus - Dunkle Zeichen 403 Millionen 2012
0%
12 Signs -Zeichen 408 Millionen 2002
0%
33 The Nun II 270 Millionen 2023
0%
39 The Village - Das Dorf 257 Millionen 2004
0%
43 Unbreakable - Unzerbrechlich 248 Millionen 2000
0%
3 World War Z 541 Millionen 2013
0%
Keine übereinstimmenden Quizze gefunden
Verteilung der Resultate
Anzahl Personen mit jedem Resultat
Perzentil nach korrekt beantworteten Fragen
Ihre Resultats-Entwicklung
Sie haben dieses Quiz noch nicht gespielt